| 000 | 00916cab a2200265 4500 | ||
|---|---|---|---|
| 001 | ABS59673 | ||
| 008 | 090401t1998 xxu||||| |||| 00| 0 eng d | ||
| 035 | _a(Sirsi) u89694 | ||
| 041 | _aeng | ||
| 100 | _aPerry, J. | ||
| 245 | _aVision of freedom | ||
| 260 | _c1998 | ||
| 350 | _a0 | ||
| 490 |
_aInside Housing _v15(47) 13 November 1998, 16-17(2) |
||
| 520 | _aDiscusses research by the Chartered Institute of Housing that suggests that councils can only be businesslike and manage their assets properly if they have the resources to bring houses up to modern standards. Comments on the options identified by the report for financing the backlog of work. | ||
| 650 | _aCOUNCIL HOUSING | ||
| 650 | _aFINANCING | ||
| 650 | _aPFI | ||
| 650 | _aREPAIRS AND IMPROVEMENTS | ||
| 650 | _aSTOCK TRANSFER | ||
| 650 | _aTENANCIES | ||
| 690 | _aHOUSING-HOUSING FINANCE | ||
| 942 | _n0 | ||
| 948 | _c16/11/1998 | ||
| 999 |
_c56769 _d56769 |
||